00766nam a2200253 a 4500001001300000003000900013005001700022008004100039020002300080082001700103100001900120245004200139260003300181300000900214500003500223505001000258650001200268650003500280650003400315902000800349942000700357952013300364999001500497nice12345678IN_TiNIC20260116013149.0050524s1955 newa grp 000 0 eng  a0883441 c73500a261.836bBOF aBoff, Leonardo aEcology and Liberationb New Paradigm aNew YorkbOrbis Books c1955 a187p aincludes index and biblioraphy2 aIndex aEcology aHuman Ecology and Christianity aLiberation-Theology & Ecology bSRS cBK 001040708StackRoom-aHMIbHMId2007-07-10g735.00l8m1o261.836 BOFp017160r2019-09-17s2019-09-11v735.00w2005-05-24yBK c9932d9932